| 000 | 00869nam a22002777a 4500 | ||
|---|---|---|---|
| 003 | CHAP | ||
| 005 | 20220329135001.0 | ||
| 008 | 971013s1956 r 00010 d | ||
| 010 | _a29058 | ||
| 011 | _a30030 | ||
| 035 | _a34142 | ||
| 040 | _cCHAP | ||
| 090 | _aTesis | ||
| 100 | 0 | 0 |
_aMcKelligan Cornejo, Samuel. _973633 |
| 245 | _aSecado de un grupo de materiales en un secador experimental de tambor rotatorio al vacío | ||
| 260 |
_aMéxico, D.F. : _bEl autor, _c1956 |
||
| 300 |
_a62 p. _b: ilus |
||
| 502 | _aTesis (Ingeniero Químico) -- UNAM. Escuela Nacional de Ciencias Químicas | ||
| 590 |
_aALEPH _b10 _c20130110 _lUCH01 _h1250 |
||
| 590 |
_aBATCH-UPD _b10 _c20130110 _lUCH01 _h1839 |
||
| 590 |
_aCONVERSION _b10 _c20130109 _lUCH01 _h1317 |
||
| 650 | 1 | 4 |
_aSecadores. _9103479 |
| 901 | _aBK | ||
| 942 | _cTESIS | ||
| 949 |
_bBC _cTES _d-79178 _eTS1 _i34142 _si |
||
| 999 |
_c29058 _d29058 |
||